000 00409nam a22001457a 4500
005 20250224175307.0
008 250224b |||||||| |||| 00| 0 eng d
020 _aHF5635
_qMIL
100 _aMillichamp, A. H
245 _aFoundation accounting;
_ban introduction manual for accounting students
250 _a4th
260 _aLondon
_bELBS DP Publications
_cc1995
300 _avi, 378p
942 _2lcc
_cBK
_n0
999 _c4272
_d4272